हिंदू धर्म आणि तत्‍वज्ञान (Record no. 21734)

MARC details
000 -LEADER
fixed length control field 00475nam a2200157Ia 4500
008 - FIXED-LENGTH DATA ELEMENTS--GENERAL INFORMATION
fixed length control field 220531s9999 xx 000 0 und d
041 ## - LANGUAGE CODE
Language code of text/sound track or separate title mar
100 ## - MAIN ENTRY--PERSONAL NAME
Personal name डांगे स.अं.
9 (RLIN) 35430
245 ## - TITLE STATEMENT
Title हिंदू धर्म आणि तत्‍वज्ञान
260 ## - PUBLICATION, DISTRIBUTION, ETC. (IMPRINT)
Name of publisher, distributor, etc. Maharashtra Vidyarthi Granth Nirman Mandal
Date of publication, distribution, etc. 1995
300 ## - PHYSICAL DESCRIPTION
Extent 538
542 ## - INFORMATION RELATING TO COPYRIGHT STATUS
Copyright holder 31-07-1997
650 ## - SUBJECT ADDED ENTRY--TOPICAL TERM
Topical term or geographic name as entry element Sociology
9 (RLIN) 35431
906 ## - LOCAL DATA ELEMENT F, LDF (RLIN)
d 1997-1998
f 5285
Holdings
Withdrawn status Lost status Source of classification or shelving scheme Damaged status Not for loan Home library Current library Date acquired Vendor Cost, normal purchase price Total Checkouts Total Holds Full call number Barcode Date last seen Bill Date Koha item type Original Barcode
    Dewey Decimal Classification     Shri Siddhivinayak Mahila Mahavidyalaya Shri Siddhivinayak Mahila Mahavidyalaya 31/07/1997 Varma 42.00   1 /-/B/2715 SSMM-BK-2715 06/08/2022 06/08/2022 Books 010002715